Primed to cheat : stealing your co-worker's idea to stay in business /

Bibliographic Details
Main Author: Link, Benedikt, (Author)
Format: eBook
Language:English
Published: Hamburg, Germany : Anchor Academic Publishing, 2014.
Series:Compact.
Subjects:
Online Access:Click to View
LEADER 01783nam a2200433 i 4500
001 EBC1640328
003 MiAaPQ
005 20200520144314.0
006 m o d |
007 cr cnu||||||||
008 140416t20142014gw a ob 000 0 eng d
020 |z 9783954891627 
020 |a 9783954896622  |q (electronic bk.) 
035 |a (MiAaPQ)EBC1640328 
035 |a (Au-PeEL)EBL1640328 
035 |a (CaPaEBR)ebr10856502 
035 |a (OCoLC)871779858 
040 |a MiAaPQ  |b eng  |e rda  |e pn  |c MiAaPQ  |d MiAaPQ 
043 |a e-gx--- 
050 4 |a HC286.3  |b .L56 2014 
082 0 |a 330.943085  |2 23 
100 1 |a Link, Benedikt,  |e author. 
245 1 0 |a Primed to cheat :  |b stealing your co-worker's idea to stay in business /  |c Benedikt Link. 
264 1 |a Hamburg, Germany :  |b Anchor Academic Publishing,  |c 2014. 
264 4 |c 2014 
300 |a 1 online resource (58 pages) :  |b illustrations, tables. 
336 |a text  |2 rdacontent 
337 |a computer  |2 rdamedia 
338 |a online resource  |2 rdacarrier 
490 1 |a Compact 
504 |a Includes bibliographical references. 
588 |a Description based on online resource; title from PDF title page (ebrary, viewed April 16, 2014). 
590 |a Electronic reproduction. Ann Arbor, MI : ProQuest, 2015. Available via World Wide Web. Access may be limited to ProQuest affiliated libraries. 
650 0 |a Business  |z Germany. 
655 4 |a Electronic books. 
776 0 8 |i Print version:  |a Link, Benedikt.  |t Primed to cheat : stealing your co-worker's idea to stay in business.  |d Hamburg, Germany : Anchor Academic Publishing, c2014   |h 52 pages   |k Compact.  |z 9783954891627  
797 2 |a ProQuest (Firm) 
830 0 |a Compact. 
856 4 0 |u https://ebookcentral.proquest.com/lib/matrademy/detail.action?docID=1640328  |z Click to View